Most Common Words Used by Chat GPT - Statistics

General Stats
  • This quiz has been taken 63 times
  • The average score is 23 of 50
Answer Stats
Rank Answer % Correct
6 I
91%
1 the
80%
27 an
78%
5 you
74%
3 is
67%
15 be
65%
4 it
65%
2 and
61%
19 do
61%
8 of
61%
26 we
61%
35 so
57%
7 to
57%
16 are
56%
20 can
56%
10 in
56%
22 as
54%
17 not
54%
13 on
54%
9 that
54%
32 what
54%
30 they
48%
14 this
48%
44 when
48%
41 how
44%
42 will
44%
12 with
41%
11 for
39%
18 have
39%
34 there
39%
37 your
39%
29 but
37%
24 or
37%
28 all
35%
33 if
35%
36 out
35%
23 by
33%
46 some
33%
43 up
33%
47 more
31%
21 at
30%
50 could
28%
25 from
28%
49 would
28%
39 like
26%
38 about
22%
31 one
22%
40 just
15%
45 time
13%
48 other
4%
No matching quizzes found
Score Distribution
Percent of People with Each Score
Percentile by Number Answered
Your Score History
You have not taken this quiz